Patterns of English

Zapisane w:
Opis bibliograficzny
Format: Książka
Wydane: 1956
Etykiety: Dodaj etykietę
Nie ma etykietki, Dołącz pierwszą etykiete!
Thư viện lưu trữ: Mạng thư viện Đại học Đà Nẵng
LEADER 00423nam a22001811a 4500
001 000038068
003 14363
005 20160412021220.0
008 160412s1956 000
082 |a 4A(07)1608 
245 |a Patterns of English  |c Harcourt 
260 |c 1956 
OWN |a LNN 
999 |a From the UDN01 
TYP |a Monograph 
980 |a Mạng thư viện Đại học Đà Nẵng